| 000 | 00927cam a2200277 a 4500 | ||
|---|---|---|---|
| 001 | 3104946 | ||
| 003 | NUST - PNEC | ||
| 005 | 20170116181137.0 | ||
| 008 | 990127s1998 enka f 001 0 eng | ||
| 010 | _a 99166317 | ||
| 020 | _a0750639342 | ||
| 020 | _a0831130857 | ||
| 040 |
_aDLC _cLIBRARY |
||
| 050 | 0 | 0 |
_aTS156.8 _b.P24 1998 |
| 082 | 0 | 0 | _a670.427 PAR |
| 100 | 1 |
_aParr, E. A. _q(E. Andrew) |
|
| 245 | 1 | 0 |
_aIndustrial control handbook / _cE.A. Parr. |
| 250 | _a3rd ed. | ||
| 260 |
_aOxford, England ; _aBoston : _bNewnes ; _aNew York : _bAvailable in North America from Industrial Press, _c1998. |
||
| 300 |
_axix, 802 p. : _bill. ; _c24 cm. |
||
| 500 | _aIncludes index. | ||
| 650 | 0 |
_aProcess control _xHandbooks, manuals, etc. _xIME |
|
| 906 |
_a7 _bcbc _corignew _d2 _encip _f19 _gy-gencatlg |
||
| 942 |
_2ddc _cBK |
||
| 999 |
_c70312 _d70312 |
||